Stars in the Southern Celestial Hemisphere Quiz - Statistics

General Stats
  • This quiz has been taken 7 times
  • The average score is 16 of 259
Answers on the Map
Answers color-coded by a green-red scale on the quiz's map according to % correct below.
 
Answer Stats
Answer % Correct
Acrux
67%
Gacrux
67%
Sirius
67%
Achernar
50%
Alnilam
50%
Alnitak
50%
Canopus
50%
Hadar
50%
Mimosa
50%
Mintaka
50%
Rigel
50%
Rigil Kentaurus
50%
Saiph
50%
Adhara
33%
Alphard
33%
Aludra
33%
Antares
33%
Fomalhaut
33%
Ginan
33%
Hatysa
33%
Imai
33%
Miaplacidus
33%
Wezen
33%
Acamar
17%
Acrab
17%
Alnair
17%
Alniyat
17%
Alpha Telescopii
17%
Alsephina
17%
Ankaa
17%
Arneb
17%
Atria
17%
Cursa
17%
Delta Centauri
17%
Dschubba
17%
Epsilon Centauri
17%
Eta Centauri
17%
Gamma Centauri
17%
Gienah
17%
Kraz
17%
Lesath
17%
Markeb
17%
Mirzam
17%
Naos
17%
Nihal
17%
Nu Octantis
17%
Peacock
17%
Ran
17%
Sargas
17%
Shaula
17%
Spica
17%
Suhail
17%
Toliman
17%
Wurren
17%
Zeta Centauri
17%
Zubeneschamali
17%
Albaldah
0%
Albali
0%
Aldhanab
0%
Algedi
0%
Algorab
0%
Alnasl
0%
Alpha Apodis
0%
Alpha Arae
0%
Alpha Circini
0%
Alpha Doradus
0%
Alpha Horologii
0%
Alpha Hydri
0%
Alpha Indi
0%
Alpha Lupi
0%
Alpha Monocerotis
0%
Alpha Muscae
0%
Alpha Pictoris
0%
Alpha Pyxidis
0%
Alpha Reticuli
0%
Alpha Scuti
0%
Alpha Tucanae
0%
Arkab Prior
0%
Ascella
0%
Aspidiske
0%
Avior
0%
Azha
0%
Azmidi
0%
Baten Kaitos
0%
Beta Arae
0%
Beta Doradus
0%
Beta Hydri
0%
Beta Indi
0%
Beta Lupi
0%
Beta Monocerotis
0%
Beta Muscae
0%
Beta Pavonis
0%
Beta Phoenicis
0%
Beta Pictoris
0%
Beta Pyxidis
0%
Beta Reticuli
0%
Beta Trianguli Australis
0%
Beta Volantis
0%
Brachium
0%
Chi Carinae
0%
Chi Eridani
0%
Chi Lupi
0%
Dabih
0%
Dalim
0%
Delta-1 Gruis
0%
Delta Arae
0%
Delta Columbae
0%
Delta Crateris
0%
Delta Eridani
0%
Delta Leporis
0%
Delta Lupi
0%
Delta Muscae
0%
Delta Pavonis
0%
Delta Phoenicis
0%
Delta Trianguli Australis
0%
Delta Volantis
0%
Deneb Algedi
0%
Diphda
0%
Epsilon Columbae
0%
Epsilon Corvi
0%
Epsilon Gruis
0%
Epsilon Leporis
0%
Epsilon Lupi
0%
Epsilon Pavonis
0%
Epsilon Phoenicis
0%
Eta Arae
0%
Eta Ceti
0%
Eta Columbae
0%
Eta Leporis
0%
Eta Lupi
0%
Eta Orionis
0%
Eta Pavonis
0%
Eta Sagittarii
0%
Eta Scorpii
0%
Eta Serpentis
0%
Fang
0%
Furud
0%
Gamma-2 Velorum
0%
Gamma-2 Volantis
0%
Gamma Apodis
0%
Gamma Arae
0%
Gamma Hydrae
0%
Gamma Hydri
0%
Gamma Leporis
0%
Gamma Lupi
0%
Gamma Monocerotis
0%
Gamma Muscae
0%
Gamma Phoenicis
0%
Gamma Trianguli Australis
0%
Gamma Tucanae
0%
Gamma Virginis
0%
Heze
0%
Iklil
0%
Iota-1 Scorpii
0%
Iota Centauri
0%
Iota Ceti
0%
Iota Gruis
0%
Iota Lupi
0%
Kappa-1 Lupi
0%
Kappa Canis Majoris
0%
Kappa Centauri
0%
Kappa Phoenicis
0%
Kappa Scorpii
0%
Kaus Australis
0%
Kaus Borealis
0%
Kaus Media
0%
Lambda Aquarii
0%
Lambda Aquilae
0%
Lambda Centauri
0%
Lambda Hydrae
0%
Lambda Muscae
0%
Larawag
0%
Menkent
0%
Mu Centauri
0%
Mu Hydrae
0%
Mu Leporis
0%
Mu Serpentis
0%
Mu Velorum
0%
Mu Virginis
0%
Nashira
0%
Nu-2 Canis Majoris
0%
Nu Centauri
0%
Nu Eridani
0%
Nu Hydrae
0%
Nunki
0%
Nu Ophiuchi
0%
Nu Puppis
0%
Omega-1 Scorpii
0%
Omega Carinae
0%
Omicron-1 Canis Majoris
0%
Omicron-2 Canis Majoris
0%
Omicron Sagittarii
0%
Paikauhale
0%
Phact
0%
Phi-1 Lupi
0%
Phi Centauri
0%
Phi Eridani
0%
Phi Sagittarii
0%
Phi Velorum
0%
Pi Centauri
0%
Pi Hydrae
0%
Pi Lupi
0%
Pipirima
0%
Pi Puppis
0%
Polis
0%
Porrima
0%
Psi Velorum
0%
Rho-1 Sagittarii
0%
Rho Centauri
0%
Rukbat
0%
Sabik
0%
Sadachbia
0%
Sadalmelik
0%
Sadalsuud
0%
Sigma Centauri
0%
Sigma Orionis
0%
Sigma Puppis
0%
Skat
0%
Tau-4 Eridani
0%
Tau Centauri
0%
Tau Ceti
0%
Tau Librae
0%
Tau Orionis
0%
Tau Puppis
0%
Tau Sagittarii
0%
Theemin
0%
Theta Aquilae
0%
Theta Arae
0%
Theta Carinae
0%
Theta Ceti
0%
Theta Ophiuchi
0%
Tiaki
0%
Tureis
0%
Ukdah
0%
Unurgunite
0%
Upsilon-1 Centauri
0%
Upsilon-4 Eridani
0%
Upsilon Carinae
0%
Upsilon Ceti
0%
Upsilon Librae
0%
Wazn
0%
Xamidimura
0%
Xi-2 Sagittarii
0%
Xi Hydrae
0%
Xi Serpentis
0%
Yed Posterior
0%
Yed Prior
0%
Zaniah
0%
Zaurak
0%
Zeta-1 Aquarii
0%
Zeta-2 Scorpii
0%
Zeta Arae
0%
Zeta Capricorni
0%
Zeta Leporis
0%
Zeta Lupi
0%
Zeta Ophiuchi
0%
Zeta Volantis
0%
Zubenelgenubi
0%
Zubenelhakrabi
0%
No matching quizzes found
Score Distribution
Percent of People with Each Score
Percentile by Number Answered
Your Score History
You have not taken this quiz